[Event "Moscow Open 2009 B"]
[Site "www.moscowchessopen.ru"]
[Date "2009.02.06"]
[Round "7.63"]
[White "Medvedev, Vladimir"]
[Black "Vavulin, Maksim"]
[Result "1-0"]
[WhiteElo "2182"]
[BlackElo "1857"]
[Annotator ""]
[Source ""]
[Remark ""]

1.d4 Nf6 2.Nf3 g6 3.Bg5 Bg7 4.e3 O-O 5.Nbd2 d5 6.Bd3 c5 7.c3
Nc6 8.Qe2 b6 9.Rd1 Bb7 10.O-O Qc8 11.a3 e5 12.dxe5 Ng4 13.e4
Ncxe5 14.exd5 Bxd5 15.Be4 Bxe4 16.Nxe4 Qc7 17.Nxe5 Nxe5 18.Nf6+
Kh8 19.f4 Nc6 20.Qg4 h5 21.Qh4 Ne7 22.Rd7 Nf5 23.Rxc7 Nxh4 24.Bxh4
Bh6 25.Nd5 Bg7 26.Be7 Rfc8 27.Rd7 Kg8 28.f5 c4 29.fxg6 fxg6 30.Bf6
Bxf6 31.Nxf6+ Kf8 32.Nd5+ Kg8 33.Rff7 Rc6 34.Nf6+ Rxf6 35.Rxf6 1-0

[Event "Moscow Open 2009 B"]
[Site "www.moscowchessopen.ru"]
[Date "2009.02.06"]
[Round "7.64"]
[White "Pluzyan, Aram"]
[Black "Kretov, Evgueij"]
[Result "0-1"]
[WhiteElo "1400"]
[BlackElo "2181"]
[Annotator ""]
[Source ""]
[Remark ""]

1.e4 c5 2.Nf3 Nc6 3.Bb5 a6 4.Bxc6 dxc6 5.d3 Qc7 6.h3 e5 7.O-O
Bd6 8.Be3 Ne7 9.Nbd2 O-O 10.Nc4 Ng6 11.Nxd6 Qxd6 12.Nd2 Nf4 13.Bxf4
exf4 14.Nc4 Qc7 15.Qh5 f5 16.e5 Be6 17.Nd6 Qe7 18.Rfe1 Rab8 19.b3
Kh8 20.a4 a5 21.Kh2 Rbd8 22.Rad1 g5 23.Qh6 Rg8 24.d4 Rg6 25.Qh5
Rdg8 26.Qf3 g4 27.Qxf4 gxh3 28.g3 Rg4 29.Qh6 R8g6 30.Qd2 f4 31.Rg1
h5 32.Ne4 h4 33.dxc5 fxg3+ 34.Nxg3 hxg3+ 35.fxg3 Qxc5 36.Rde1
Qd4 37.Qe2 Kg7 38.Rd1 Re4 39.Qf3 Qxe5 40.Rd2 Re3 41.Qd1 Rexg3 0-1

[Event "Moscow Open 2009 B"]
[Site "www.moscowchessopen.ru"]
[Date "2009.02.06"]
[Round "7.65"]
[White "Radomsky, Viacheslav G"]
[Black "Shabanov, Nurlan Mammad Oglu"]
[Result "0-1"]
[WhiteElo "2175"]
[BlackElo "1825"]
[Annotator ""]
[Source ""]
[Remark ""]

1.Nf3 Nf6 2.d4 g6 3.c4 Bg7 4.g3 O-O 5.Bg2 d6 6.Nc3 c5 7.d5 Nbd7
8.O-O Re8 9.h3 Nf8 10.Bf4 Nh5 11.Bd2 Rb8 12.Qc1 a6 13.a4 b6 14.Bh6
Bxh6 15.Qxh6 Ng7 16.e4 f6 17.Qd2 Bd7 18.b3 Qc8 19.Kh2 g5 20.Ng1
Ng6 21.f4 gxf4 22.gxf4 Kh8 23.Nf3 Nh5 24.Ne2 Rg8 25.f5 Ne5 26.Nxe5
fxe5 27.Bf3 Nf6 28.Rg1 Qf8 29.Ng3 Be8 30.Rg2 Bf7 31.Qe3 a5 32.Rag1
h6 33.Qe2 Qe8 34.Nf1 Rxg2+ 35.Rxg2 Bh5 36.Qe3 Kh7 37.Nd2 Qf7
38.Qe1 Rg8 39.Rxg8 Qxg8 40.Qh4 Bxf3 41.Nxf3 Qg7 42.Kh1 Qg8 43.Kh2
Qg7 44.Qe1 Nh5 45.Qf2 Nf6 46.Qe3 Qg4 47.Qxh6+ Kxh6 48.hxg4 Nxg4+
49.Kg3 Nf6 50.Nd2 Kg5 51.Kf3 Nh5 52.Nb1 Nf4 53.Ke3 Ng2+ 54.Kf3
Ne1+ 55.Ke2 Nc2 56.Nd2 Nd4+ 57.Ke3 Kg4 58.Nf1 Nxb3 59.Nh2+ Kh5
60.Nf3 Nd4 61.Ne1 Kg4 62.Nd3 Kg3 63.Nb2 Kg2 64.Nd1 Kf1 65.Nf2
Nc2+ 66.Kf3 Na3 67.Ng4 Nxc4 68.Nh6 b5 69.Ng8 bxa4 70.Nxe7 a3 0-1

[Event "Moscow Open 2009 B"]
[Site "www.moscowchessopen.ru"]
[Date "2009.02.06"]
[Round "7.66"]
[White "Chapurin, A"]
[Black "Lopukhin, Anatoly"]
[Result "0-1"]
[WhiteElo "2280"]
[BlackElo "1400"]
[Annotator ""]
[Source ""]
[Remark ""]

1.Nf3 d6 2.d4 Bg4 3.Nbd2 Nf6 4.g3 Nc6 5.c4 g6 6.h3 Bc8 7.d5 Nb8
8.b3 Bg7 9.Bb2 O-O 10.Bg2 e6 11.e4 exd5 12.cxd5 Re8 13.O-O Nxe4
14.Bxg7 Nxd2 15.Qxd2 Kxg7 16.Qc3+ Qf6 17.Qxc7 Na6 18.Qa5 Nc5
19.Rae1 b6 20.Qd2 Bxh3 21.Bxh3 Qxf3 22.Bg2 Qf6 23.b4 Nd7 24.Rc1
Ne5 25.f4 Ng4 26.Bh3 Ne3 27.Rf3 Nf5 28.Rd3 h5 29.Rc6 h4 30.Bxf5
Qxf5 31.Rxd6 Qg4 32.Kf2 Rh8 33.Qc3+ Kg8 34.Rc6 hxg3+ 35.Rxg3
Qxf4+ 36.Kg2 Qe4+ 37.Qf3 Qb1 38.a3 Re8 39.Rh3 Rxh3 40.Kxh3 Qg1
41.Rc3 Kg7 42.Qg3 Rh8+ 43.Kg4 Qd4+ 0-1

[Event "Moscow Open 2009 B"]
[Site "www.moscowchessopen.ru"]
[Date "2009.02.06"]
[Round "7.67"]
[White "Petukhov, Yury"]
[Black "Volkov, Anton"]
[Result "1/2-1/2"]
[WhiteElo "2098"]
[BlackElo "2268"]
[Annotator ""]
[Source ""]
[Remark ""]

1.d4 Nf6 2.Bg5 e6 3.Nf3 h6 4.Bh4 c5 5.c3 Qb6 6.Qb3 d5 7.Nbd2
Nc6 8.e3 c4 9.Qxb6 axb6 10.a3 b5 11.Rc1 g5 12.Bg3 Nh5 13.Be2
Nxg3 14.hxg3 Bg7 15.g4 f5 16.gxf5 exf5 17.Nh2 O-O 18.g4 Ne7 19.gxf5
Bxf5 20.Ng4 Kh7 21.Nf1 Rae8 22.Ng3 Bg6 23.Kd2 Nf5 24.Nxf5 Bxf5
25.Rh2 Be4 26.Rg1 Re6 27.Rg3 Bf5 28.Bf3 Be4 29.Bd1 Bf5 30.f3
Rfe8 31.Re2 Bf8 32.Nf2 Bd6 33.Rg1 Bg6 34.e4 Bf4+ 35.Ke1 Bh5 36.Bc2
Kh8 37.Ng4 Bxg4 38.Rxg4 h5 39.Rg1 h4 40.e5 Rf8 41.Reg2 h3 42.Rh1
h2 43.Rhxh2+ Bxh2 44.Rxh2+ Kg8 45.Rh5 Rxf3 46.Rxg5+ Kf8 47.Ke2
Rh3 48.Bf5 Rh2+ 49.Kf3 Reh6 50.Bc8 Rxb2 51.Bd7 Rh3+ 52.Kf4 Rf2+
53.Kg4 Rg2+ 54.Kxh3 Rxg5 55.Bxb5 1/2-1/2

[Event "Moscow Open 2009 B"]
[Site "www.moscowchessopen.ru"]
[Date "2009.02.06"]
[Round "7.68"]
[White "Lozbenev, Pavel"]
[Black "Kazakov, Konstantin"]
[Result "1-0"]
[WhiteElo "2095"]
[BlackElo "2265"]
[Annotator ""]
[Source ""]
[Remark ""]

1.d4 d5 2.c4 e6 3.Nc3 Nf6 4.Bg5 Be7 5.cxd5 exd5 6.Qc2 O-O 7.e3
Nbd7 8.Bd3 b6 9.Nge2 Bb7 10.O-O Re8 11.Bf4 a6 12.Rad1 Rc8 13.Ng3
g6 14.h4 Nf8 15.h5 Bd6 16.Bg5 Ne6 17.Bxf6 Qxf6 18.hxg6 hxg6 19.Qe2
Nxd4 20.Qg4 Ne6 21.Bf5 c6 22.Nce4 Qd8 23.Nxd6 Qxd6 24.Bxg6 fxg6
25.Qxg6+ Kf8 26.Qh6+ Kf7 27.Qh7+ Ng7 28.Qxg7+ Kxg7 29.Nf5+ Kf6
30.Nxd6 Re7 31.Nxc8 Bxc8 32.Rfe1 1-0

[Event "Moscow Open 2009 B"]
[Site "www.moscowchessopen.ru"]
[Date "2009.02.06"]
[Round "7.69"]
[White "Gulevich, Artem"]
[Black "Andronov, Ilya"]
[Result "1-0"]
[WhiteElo "2264"]
[BlackElo "2091"]
[Annotator ""]
[Source ""]
[Remark ""]

1.c4 Nf6 2.Nc3 c5 3.g3 e6 4.Nf3 b6 5.Bg2 Bb7 6.O-O Be7 7.d4 cxd4
8.Qxd4 d6 9.Rd1 a6 10.b3 Nbd7 11.Bb2 O-O 12.Rac1 Qb8 13.h3 b5
14.cxb5 axb5 15.a3 Nc5 16.Qb4 Bd5 17.Nxd5 Nxd5 18.Rxd5 exd5 19.Qg4
Ne6 20.Nd4 Bf6 21.Nc6 Bxb2 22.Nxb8 Bxc1 23.Nd7 Rfd8 24.Bxd5 Rxa3
25.Nf6+ Kh8 26.Qf5 gxf6 27.Qxf6+ Kg8 28.Bxe6 Rf8 29.Bd5 Ra2 30.e3
Bb2 31.Qf5 Ra7 32.Be4 f6 33.Qe6+ Kg7 34.Qxd6 Be5 35.Qc5 Rc7 36.Qxb5
Rb8 37.Qd5 Rbc8 38.Kg2 Rf8 39.h4 Rff7 40.g4 Rfd7 41.Qe6 Re7 42.Qf5
Kh8 43.h5 Rg7 44.f4 Bb2 45.Kf3 Bc3 46.h6 Rgf7 47.Bd5 Rf8 48.Bc4
Bb2 49.Qc2 Ba3 50.Qd3 Bb2 51.Qd6 Rcc8 52.Qd7 Rcd8 53.Qg7# 1-0

[Event "Moscow Open 2009 B"]
[Site "www.moscowchessopen.ru"]
[Date "2009.02.06"]
[Round "7.70"]
[White "Botoyan, Smbat"]
[Black "Kruchev, Boris"]
[Result "0-1"]
[WhiteElo "2092"]
[BlackElo "2263"]
[Annotator ""]
[Source ""]
[Remark ""]

1.d4 Nf6 2.c4 e6 3.Nf3 b6 4.a3 Bb7 5.Nc3 Be7 6.Qc2 O-O 7.e4 d5
8.cxd5 exd5 9.e5 Nfd7 10.Bd3 h6 11.h4 c5 12.Ne2 Re8 13.e6 Nf8
14.exf7+ Kxf7 15.Ne5+ Kg8 16.Bg6 Bf6 17.Bf7+ Kh8 18.Bxe8 Qxe8
19.O-O Bxe5 20.dxe5 Qxe5 21.Bf4 Qf6 22.Bg3 Nbd7 23.Nf4 d4 24.h5
Qc6 25.Rfe1 Nf6 26.f3 c4 27.Qf5 d3 28.Ng6+ Nxg6 29.hxg6 Rd8 30.Re6
Qd7 31.Rxf6 Qd4+ 32.Kh2 Qxf6 33.Qh5 Qg5 34.Qxg5 hxg5 35.Be5 Bc8
36.Kg3 Bf5 37.Bc3 Kg8 38.Re1 Bxg6 39.Kg4 Rd5 0-1

[Event "Moscow Open 2009 B"]
[Site "www.moscowchessopen.ru"]
[Date "2009.02.06"]
[Round "7.71"]
[White "Koshevoy, Sergey"]
[Black "Konovalov, Viatcheslav"]
[Result "0-1"]
[WhiteElo "2260"]
[BlackElo "2086"]
[Annotator ""]
[Source ""]
[Remark ""]

1.d4 d5 2.c4 c6 3.Nf3 Nf6 4.Nc3 a6 5.c5 Nbd7 6.Bf4 Nh5 7.Bd2
g6 8.h3 Bg7 9.g4 Nhf6 10.Qc2 Qc7 11.Bg2 O-O 12.O-O e5 13.e3 Re8
14.b4 h5 15.g5 Nh7 16.dxe5 Nxe5 17.Nd4 Nxg5 18.f4 Nxh3+ 19.Bxh3
Bxh3 20.fxe5 Bxf1 21.Rxf1 Qxe5 22.Bc1 Qg3+ 23.Kh1 Qh3+ 24.Kg1
Rxe3 0-1

[Event "Moscow Open 2009 B"]
[Site "www.moscowchessopen.ru"]
[Date "2009.02.06"]
[Round "7.72"]
[White "Gorishniy, Yuri"]
[Black "Kotov, Andrey"]
[Result "1-0"]
[WhiteElo "2085"]
[BlackElo "2254"]
[Annotator ""]
[Source ""]
[Remark ""]

1.Nf3 Nf6 2.c4 d6 3.d4 g6 4.Nc3 Bg7 5.e4 O-O 6.Be2 c5 7.O-O cxd4
8.Nxd4 Nc6 9.Be3 Re8 10.f3 Qb6 11.Ncb5 Bh8 12.Qd2 Qd8 13.Nc3
Bd7 14.Rab1 Rc8 15.b3 Qb6 16.b4 Nxe4 17.Nxe4 Nxd4 18.Kh1 e5 19.c5
dxc5 20.bxc5 Qc7 21.Nd6 Bc6 22.Bxd4 exd4 23.Bc4 Re7 24.Nxc8 Qxc8
25.Rfe1 Qf5 26.Rxe7 Qxb1+ 27.Qe1 Qxe1+ 28.Rxe1 Bf6 29.Bd3 Kf8
30.Be4 Bxe4 31.fxe4 Be7 32.Rb1 Bxc5 33.Rxb7 Ke8 34.Kg1 a5 35.Kf1
Bb4 36.Ke2 Kf8 37.Kd3 Bc3 38.Rb8+ Ke7 39.Rh8 1-0

[Event "Moscow Open 2009 B"]
[Site "www.moscowchessopen.ru"]
[Date "2009.02.06"]
[Round "7.73"]
[White "Gansvind, Valeriya I"]
[Black "Romanov, Sergey"]
[Result "1-0"]
[WhiteElo "2244"]
[BlackElo "2083"]
[Annotator ""]
[Source ""]
[Remark ""]

1.d4 d5 2.Bg5 h6 3.Bh4 c6 4.e3 Qb6 5.Qc1 Bf5 6.Nf3 Nd7 7.Nbd2
Ngf6 8.c4 e6 9.c5 Qc7 10.Bg3 Qd8 11.h3 Be7 12.Be2 O-O 13.O-O
Re8 14.b4 Ne4 15.Bh2 Bf6 16.Nb3 e5 17.dxe5 Nxe5 18.Nfd4 Bd7 19.f3
Ng5 20.f4 Nxh3+ 21.gxh3 Bxh3 22.fxe5 Bxe5 23.Bf4 Bxf1 24.Qxf1
Bxd4 25.Nxd4 g5 26.Qg2 Kh8 27.Qh3 Qf6 28.Bd6 a5 29.Rf1 Qg6 30.b5
g4 31.Qh4 1-0

[Event "Moscow Open 2009 B"]
[Site "www.moscowchessopen.ru"]
[Date "2009.02.06"]
[Round "7.74"]
[White "Kochetkov, Victor N"]
[Black "Gharagyozian, Artur"]
[Result "0-1"]
[WhiteElo "2048"]
[BlackElo "2233"]
[Annotator ""]
[Source ""]
[Remark ""]

1.Nc3 c5 2.Nf3 Nc6 3.d4 cxd4 4.Nxd4 Nf6 5.g3 g6 6.Bg2 Bg7 7.O-O
O-O 8.Kh1 Qa5 9.Nxc6 bxc6 10.e4 Bb7 11.Ne2 d5 12.exd5 cxd5 13.c3
Rad8 14.b4 Qc7 15.Bb2 Ne4 16.Qe1 Ba6 17.Bxe4 dxe4 18.a4 Bd3 19.h3
Qc4 20.Nf4 Bxf1 21.Qxf1 Qb3 22.Qc1 Rd7 23.Kg2 Rfd8 24.Ra3 Qc4
25.Qf1 Qxf1+ 26.Kxf1 Rd1+ 0-1

[Event "Moscow Open 2009 B"]
[Site "www.moscowchessopen.ru"]
[Date "2009.02.06"]
[Round "7.75"]
[White "Orlov, Evgeny"]
[Black "Dubonosov, Evgenij"]
[Result "1-0"]
[WhiteElo "2233"]
[BlackElo "2082"]
[Annotator ""]
[Source ""]
[Remark ""]

1.e4 c5 2.f4 d6 3.Nf3 Nf6 4.Nc3 e6 5.Bb5+ Bd7 6.Qe2 a6 7.Bxd7+
Qxd7 8.d4 cxd4 9.Nxd4 Be7 10.Be3 Nc6 11.O-O b5 12.e5 dxe5 13.Nf5
Qc7 14.Nxg7+ Kf8 15.Nh5 b4 16.Na4 Nd4 17.Bxd4 exd4 18.Nxf6 Bxf6
19.Rad1 Qc6 20.b3 Rc8 21.Nb2 Rg8 22.Rf2 Qc3 23.Rd3 Qc5 24.Nc4
a5 25.Rh3 a4 26.Rh5 Qa7 27.Ra5 Qc7 28.Rxa4 d3 29.Qe4 Qc5 1-0

[Event "Moscow Open 2009 B"]
[Site "www.moscowchessopen.ru"]
[Date "2009.02.06"]
[Round "7.76"]
[White "Bolshakov, Dmitry"]
[Black "Rossal, Valeriy I"]
[Result "1-0"]
[WhiteElo "2217"]
[BlackElo "2080"]
[Annotator ""]
[Source ""]
[Remark ""]

1.e4 c5 2.c3 g6 3.d4 Qa5 4.d5 Bg7 5.Nd2 d6 6.Nc4 Qc7 7.a4 b6
8.Bd3 Bb7 9.Ne2 Nf6 10.O-O O-O 11.Bf4 Nh5 12.Be3 Nd7 13.Nf4 Nhf6
14.f3 Ne8 15.Qd2 Ne5 16.b3 Bc8 17.Nxe5 Bxe5 18.Ne2 Bg7 19.Bh6
e5 20.dxe6 fxe6 21.Bc4 Kh8 22.Rfd1 Bxh6 23.Qxh6 Ng7 24.Rd3 Rf6
25.Qg5 Rf8 26.Rad1 Ne8 27.Bb5 d5 28.exd5 exd5 29.Rxd5 Qf7 30.Bc6
Bb7 31.Rd7 Qxb3 32.Bxb7 1-0

[Event "Moscow Open 2009 B"]
[Site "www.moscowchessopen.ru"]
[Date "2009.02.06"]
[Round "7.77"]
[White "Mayorov, Vasili"]
[Black "Yakimov, S Y"]
[Result "1/2-1/2"]
[WhiteElo "2074"]
[BlackElo "2212"]
[Annotator ""]
[Source ""]
[Remark ""]

1.c4 c6 2.Nc3 d5 3.cxd5 cxd5 4.d4 Nf6 5.Bf4 a6 6.e3 Nc6 7.Bd3
Bg4 8.Nf3 e6 9.O-O Bd6 10.Bg3 Bxg3 11.hxg3 h5 12.Qb3 Rb8 13.Rac1
Bxf3 14.gxf3 h4 15.Qa4 Nd7 16.Kg2 Qf6 17.Be2 g6 18.Rh1 Kf8 19.Qa3+
Kg7 20.Qd6 Nb6 21.Rxh4 Rxh4 22.gxh4 Qxh4 23.Rh1 Qe7 24.Qh2 Qf6
25.Qh6+ Kg8 26.Rh3 Rd8 27.a3 Nc8 28.Na4 Nd6 29.Bd3 b5 30.Nc5
a5 31.f4 Ne7 32.Nb3 a4 33.Nc5 Nef5 34.Qg5 Qxg5+ 35.fxg5 Ne7 36.Kf3
Nc6 37.Ke2 Nb8 38.Kd2 Nd7 39.Nxd7 Rxd7 1/2-1/2

[Event "Moscow Open 2009 B"]
[Site "www.moscowchessopen.ru"]
[Date "2009.02.06"]
[Round "7.78"]
[White "Zimin, Alexey"]
[Black "Zarivkina, Victorya"]
[Result "1/2-1/2"]
[WhiteElo "2193"]
[BlackElo "2058"]
[Annotator ""]
[Source ""]
[Remark ""]

1.e4 g6 2.d4 Bg7 3.Nc3 e6 4.Be3 Ne7 5.Bd3 b6 6.Qd2 h6 7.Nge2
Ba6 8.Ng3 Bxd3 9.cxd3 d6 10.Nce2 Nd7 11.f4 c5 12.O-O O-O 13.f5 1/2-1/2

[Event "Moscow Open 2009 B"]
[Site "www.moscowchessopen.ru"]
[Date "2009.02.06"]
[Round "7.79"]
[White "Trofimovsky, Alexander"]
[Black "Borisovsky, Viktor"]
[Result "1-0"]
[WhiteElo "2186"]
[BlackElo "2041"]
[Annotator ""]
[Source ""]
[Remark ""]

1.c4 c5 2.Nf3 Nc6 3.d4 cxd4 4.Nxd4 Nf6 5.Nc3 d6 6.e4 g6 7.Be2
Bg7 8.Be3 O-O 9.O-O Ne8 10.f4 f5 11.exf5 gxf5 12.Kh1 Nc7 13.Rf3
Ne6 14.Nc2 Kh8 15.Rg3 Bd7 16.Qd2 Qe8 17.Bf3 Nc7 18.Re1 Qf7 19.c5
Ne8 20.cxd6 exd6 21.Bg1 Be6 22.b3 Rd8 23.Nb5 a6 24.Nbd4 Bd7 25.Nxc6
bxc6 26.Nb4 d5 27.Bc5 Rg8 28.Re7 Qf6 29.Bh5 Bc8 30.Bxe8 Rdxe8
31.Rgxg7 Rxe7 32.Rxe7 1-0

[Event "Moscow Open 2009 B"]
[Site "www.moscowchessopen.ru"]
[Date "2009.02.06"]
[Round "7.80"]
[White "Mamaev, Evgeniy"]
[Black "Kuzin, Sergey"]
[Result "1-0"]
[WhiteElo "2179"]
[BlackElo "2037"]
[Annotator ""]
[Source ""]
[Remark ""]

1.Nf3 Nf6 2.g3 e6 3.Bg2 d5 4.d4 Nbd7 5.O-O Be7 6.c4 dxc4 7.Nbd2
O-O 8.Nxc4 c5 9.Qc2 Nd5 10.e4 Nb4 11.Qe2 cxd4 12.Nxd4 Nb6 13.Rd1
Qc7 14.Nxb6 Qxb6 15.Be3 Bc5 16.a3 Nc6 17.Nxc6 bxc6 18.Bxc5 Qxc5
19.e5 Rb8 20.b4 Qb5 21.Qe3 a5 22.Bf1 Qa4 23.Qa7 Rb7 24.Qa8 c5
25.bxc5 Rb3 26.c6 Rxa3 27.Rxa3 Qxa3 28.Rb1 Qe7 29.Rb8 Qc7 30.Ba6
a4 31.Rxc8 Rxc8 32.Qxc8+ Qxc8 33.Bxc8 1-0

[Event "Moscow Open 2009 B"]
[Site "www.moscowchessopen.ru"]
[Date "2009.02.06"]
[Round "7.81"]
[White "Remizov, Alexander"]
[Black "Shapfiullin, Ildar"]
[Result "0-1"]
[WhiteElo "2032"]
[BlackElo "2175"]
[Annotator ""]
[Source ""]
[Remark ""]

1.d4 Nf6 2.Nf3 d5 3.g3 Bf5 4.Bg2 e6 5.O-O Be7 6.Nbd2 h6 7.Ne5
Nbd7 8.Ndf3 Ne4 9.Nxd7 Qxd7 10.Ne5 Qb5 11.f3 Nd6 12.c3 Bf6 13.Nd3
O-O-O 14.Re1 Bxd3 15.Qxd3 Qb6 16.Kh1 Bg5 17.b3 c5 18.dxc5 Qxc5
19.Qd4 Qxd4 20.cxd4 Nf5 21.e3 Kb8 22.f4 Bf6 23.Bd2 g5 24.Bf1
gxf4 25.gxf4 Bh4 26.Re2 Rc8 27.Be1 Bxe1 28.Raxe1 Rc3 29.Bg2 Rg8
30.e4 dxe4 31.Rxe4 Rc2 32.R4e2 Rxe2 33.Rxe2 Nxd4 34.Rd2 Rd8 35.Bf1
Kc7 36.Kg2 Nf5 37.Rc2+ Kb6 38.Kf2 Rd4 39.Kf3 Rd1 40.Ke2 Rxf1 0-1

[Event "Moscow Open 2009 B"]
[Site "www.moscowchessopen.ru"]
[Date "2009.02.06"]
[Round "7.82"]
[White "Asefi, Zaheeruddeen"]
[Black "Dolbnia, Dmitry"]
[Result "0-1"]
[WhiteElo "2172"]
[BlackElo "2027"]
[Annotator ""]
[Source ""]
[Remark ""]

1.d4 d5 2.c4 e6 3.Nc3 Nf6 4.Nf3 Nbd7 5.Bg5 c6 6.Rc1 Qa5 7.cxd5
Nxd5 8.a3 h6 9.Bd2 Nxc3 10.Rxc3 Qh5 11.e4 Nf6 12.Bd3 Qg4 13.Qc2
Qxg2 14.Rg1 Qxf3 0-1

[Event "Moscow Open 2009 B"]
[Site "www.moscowchessopen.ru"]
[Date "2009.02.06"]
[Round "7.83"]
[White "Denishev, Marat"]
[Black "Mukhin, Viktor"]
[Result "1-0"]
[WhiteElo "2028"]
[BlackElo "2164"]
[Annotator ""]
[Source ""]
[Remark ""]

1.d4 Nf6 2.Nf3 e6 3.Bf4 d5 4.e3 Bd6 5.Ne5 c6 6.c3 Qc7 7.Nd2 Nbd7
8.Ndf3 Bxe5 9.Nxe5 Nxe5 10.Bxe5 Qe7 11.Bd3 O-O 12.Qf3 Nd7 13.Bg3
Re8 14.Qh5 g6 15.Qe2 e5 16.dxe5 Nxe5 17.Bxe5 Qxe5 18.O-O Bf5
19.Rfd1 Re7 20.Qc2 Bxd3 21.Rxd3 Rae8 22.Re1 Qf5 23.Qd2 Re4 24.Rd4
Qe6 25.Rxe4 Qxe4 26.Rd1 f5 27.g3 h5 28.Qd4 Qxd4 29.Rxd4 Re4 30.Kg2
Kf7 31.Kf3 Kf6 32.h4 Ke5 33.Ke2 c5 34.Rd3 b5 35.b3 Rg4 36.Rd1
Kd6 37.Rd3 a5 38.Rd1 Kc6 39.Rd3 Re4 40.Rd1 Re8 41.Kf3 b4 42.cxb4
axb4 43.Kf4 Re4+ 44.Kg5 Rg4+ 45.Kf6 c4 46.Rg1 Re4 47.Kxg6 Re8
48.Rc1 Kb5 49.Kxh5 c3 50.Kg6 Kc5 51.h5 d4 52.exd4+ Kxd4 53.Rd1+
Kc5 54.h6 c2 55.Rc1 1-0

[Event "Moscow Open 2009 B"]
[Site "www.moscowchessopen.ru"]
[Date "2009.02.06"]
[Round "7.84"]
[White "Mosionzhik, Ilya"]
[Black "Babaev, Mikhail"]
[Result "1-0"]
[WhiteElo "2162"]
[BlackElo "2023"]
[Annotator ""]
[Source ""]
[Remark ""]

1.e4 Nf6 2.e5 Nd5 3.d4 d6 4.c4 Nb6 5.f4 g5 6.Nf3 g4 7.Ng5 Bf5
8.Bd3 Bxd3 9.Qxd3 h6 10.Nxf7 Kxf7 11.Qf5+ Ke8 12.Qg6+ Kd7 13.Qxg4+
e6 14.d5 Qe8 15.O-O dxe5 16.fxe5 Bc5+ 17.Kh1 Rg8 18.Qh3 Rf8 19.Rd1
Qg6 20.Be3 Bxe3 21.Qxe3 Na6 22.Nc3 Qg5 23.Qe4 Rae8 24.d6 Kc8
25.Nb5 Qf5 26.Qd4 Rd8 27.Nxa7+ Kb8 28.dxc7+ Kxc7 29.Nb5+ Kc6
30.Nd6 Qf4 31.Qc3 Nxc4 32.Qe1 Qf2 33.Qe4+ 1-0

[Event "Moscow Open 2009 B"]
[Site "www.moscowchessopen.ru"]
[Date "2009.02.06"]
[Round "7.85"]
[White "Manelyuk, Nikita"]
[Black "Paravyan, David"]
[Result "1-0"]
[WhiteElo "2162"]
[BlackElo "2021"]
[Annotator ""]
[Source ""]
[Remark ""]

1.Nf3 d5 2.b3 Nf6 3.e3 c6 4.Bb2 Bf5 5.Bd3 Bxd3 6.cxd3 e6 7.O-O
Nbd7 8.Qc2 e5 9.d4 c5 10.dxc5 Bxc5 11.d4 Bb6 12.Ba3 Rc8 13.Qd3
Qc7 1-0

[Event "Moscow Open 2009 B"]
[Site "www.moscowchessopen.ru"]
[Date "2009.02.06"]
[Round "7.86"]
[White "Stoljarov, Dmitriy"]
[Black "Grigoriev, Semyon"]
[Result "0-1"]
[WhiteElo "1983"]
[BlackElo "2161"]
[Annotator ""]
[Source ""]
[Remark ""]

1.e4 e5 2.Nf3 Nf6 3.Nxe5 d6 4.Nf3 Nxe4 5.Nc3 Nxc3 6.dxc3 d5 7.Bg5
Be7 8.Qd2 Bg4 9.Be3 Bxf3 10.gxf3 c6 11.O-O-O Nd7 12.Rg1 Bf6 13.Re1
O-O 14.Bf4 Nc5 15.Bh3 Re8 16.Rxe8+ Qxe8 17.Bh6 Qe5 18.Bf4 Qe7
19.Re1 Qf8 20.Qe3 Na4 21.Bf5 g6 22.Bh6 Qd8 23.Bd3 b5 24.h4 d4
25.Qe4 dxc3 26.b3 Nc5 27.Qxc6 Nxd3+ 28.cxd3 b4 29.Kc2 Bxh4 30.Re4
Rb8 31.f4 Bf6 32.f5 Bg5 33.fxg6 hxg6 34.Bxg5 Qxg5 35.Re2 a5 36.Qc7
Rd8 37.Qe5 Qg4 38.Qe3 Qd7 39.Qe4 a4 40.bxa4 Qxa4+ 41.Kb1 Qd1# 0-1

[Event "Moscow Open 2009 B"]
[Site "www.moscowchessopen.ru"]
[Date "2009.02.06"]
[Round "7.87"]
[White "Matveev, Stanislav"]
[Black "Levashov, Michael"]
[Result "1-0"]
[WhiteElo "2161"]
[BlackElo "1952"]
[Annotator ""]
[Source ""]
[Remark ""]

1.e4 c6 2.d4 d5 3.e5 Bf5 4.Be3 e6 5.Nd2 h6 6.Be2 Nd7 7.Ngf3 Ne7
8.O-O Qc7 9.Rc1 Bg4 10.c4 dxc4 11.Ne4 Nd5 12.Bxc4 N7b6 13.Be2
Nxe3 14.fxe3 Nd5 15.Qd2 Bb4 16.Nc3 Nxc3 17.bxc3 Ba3 18.Rb1 Bf5
19.Bd3 Bxd3 20.Qxd3 O-O 21.Nd2 Be7 22.Ne4 b6 23.Rf3 f5 24.exf6
Bxf6 25.Nxf6+ Rxf6 26.Rxf6 gxf6 27.Rf1 f5 28.Qc4 Qd6 29.Rxf5
Rf8 30.Re5 Rf6 31.Qe2 Qf8 32.h3 Qf7 33.Re4 Rf5 34.Rg4+ Rg5 35.Rf4
Rf5 36.Qg4+ Kh7 37.Re4 Rf1+ 38.Kh2 Qf2 39.Rf4 Qg1+ 40.Kg3 Qxe3+
41.Rf3 Qe1+ 42.Kf4 Rxf3+ 43.Qxf3 Qd2+ 44.Ke5 Qxa2 45.Qxc6 Qe2+
46.Kf6 Qf2+ 47.Kxe6 Qe3+ 48.Kd7 Qf4 49.Qe6 Qf8 50.d5 a5 51.d6
a4 52.Qe7+ Kg8 53.Qxf8+ Kxf8 54.Kc8 a3 55.d7 a2 56.d8Q+ 1-0

[Event "Moscow Open 2009 B"]
[Site "www.moscowchessopen.ru"]
[Date "2009.02.06"]
[Round "7.88"]
[White "Murzin, Sergey"]
[Black "Kanjaryan, Vladimir"]
[Result "1-0"]
[WhiteElo "2160"]
[BlackElo "1877"]
[Annotator ""]
[Source ""]
[Remark ""]

1.c4 e6 2.g3 d5 3.Bg2 c6 4.Qc2 Nf6 5.Nf3 Nbd7 6.d4 Bd6 7.O-O
O-O 8.b3 Re8 9.Bb2 e5 10.dxe5 Nxe5 11.Nxe5 Bxe5 12.Bxe5 Rxe5
13.cxd5 cxd5 14.e3 Bf5 15.Qb2 Qe7 16.Nd2 Be4 17.Nxe4 dxe4 18.Rad1
Nd5 19.a3 h6 20.Rd4 f5 21.Rfd1 Nb6 22.a4 Rc8 23.b4 Qe6 24.Bf1
Nxa4 25.Qa1 b5 26.Rd7 a6 27.R1d6 Qe8 28.Qd4 Kh7 29.Bh3 Rc1+ 30.Kg2
Qh5 31.Rxg7+ Kxg7 32.Qxe5+ Kg8 33.Rd8+ Kh7 34.Bxf5+ 1-0

[Event "Moscow Open 2009 B"]
[Site "www.moscowchessopen.ru"]
[Date "2009.02.06"]
[Round "7.89"]
[White "Fedechkin, Vladimir"]
[Black "Popelyshev, Igor V"]
[Result "1/2-1/2"]
[WhiteElo "1976"]
[BlackElo "2159"]
[Annotator ""]
[Source ""]
[Remark ""]

1.d4 d5 2.Nf3 Bf5 3.c4 e6 4.cxd5 exd5 5.Qb3 b6 6.Nc3 Nf6 7.Bg5
c6 8.Bxf6 Qxf6 9.Nxd5 cxd5 10.Qxd5 Bb4+ 11.Kd1 O-O 12.Qxa8 Nc6
13.Qxf8+ Kxf8 14.e3 Be4 15.Be2 g5 16.h3 Bxf3 17.Bxf3 Nxd4 18.exd4
Qxd4+ 19.Ke2 Qxb2+ 20.Kd3 Qd2+ 21.Kc4 Qc3+ 22.Kb5 Qc5+ 23.Ka6
b5 24.Kb7 Qb6+ 25.Kc8 Qxf2 26.Rhd1 Bc3 27.Rd8+ Kg7 28.Rad1 Bf6
29.R8d7 Qxa2 30.R1d6 Qa3 31.Bd5 Be7 32.Rc6 a5 33.Rcc7 Kf6 34.Rxe7
Qxe7 35.Rxe7 Kxe7 36.Kc7 f5 37.Kb6 Kd6 38.Bg8 h5 39.Kxb5 Ke5
40.Bf7 h4 41.Kxa5 Kf4 42.Be6 g4 43.hxg4 fxg4 44.Kb4 1/2-1/2

[Event "Moscow Open 2009 B"]
[Site "www.moscowchessopen.ru"]
[Date "2009.02.06"]
[Round "7.90"]
[White "Subbotsky, Mikhail"]
[Black "Senkow, Alexandr"]
[Result "0-1"]
[WhiteElo "1974"]
[BlackElo "2149"]
[Annotator ""]
[Source ""]
[Remark ""]

1.d4 Nf6 2.c4 e6 3.Nc3 d5 4.cxd5 exd5 5.Bg5 c6 6.Qc2 Be7 7.e3
Bg4 8.Bd3 Nbd7 9.Nf3 Bh5 10.Nh4 Bg6 11.Nf5 Bxf5 12.Bxf5 h6 13.Bh4
Nh5 14.Bxe7 Qxe7 15.O-O g6 16.Bd3 f5 17.Rae1 Nhf6 18.f3 O-O-O
19.e4 Qb4 20.Qf2 fxe4 21.fxe4 Ng4 22.Qg3 Qxd4+ 23.Kh1 Nde5 24.Bb1
Rhf8 25.h3 Rxf1+ 26.Rxf1 Qe3 27.Qxe3 Nxe3 28.Re1 d4 29.Nd1 N3c4
30.b3 Na3 31.Nf2 Nxb1 32.Rxb1 Kc7 33.Kg1 Rf8 34.Rd1 c5 35.Kf1
h5 36.Ke2 Kd6 37.Rd2 Rf4 38.Rd1 g5 39.Rd2 g4 40.g3 Rf3 41.hxg4
Re3+ 42.Kf1 Nxg4 43.Nxg4 hxg4 44.Kf2 Ke5 45.Rc2 b6 46.Rc4 Rc3
47.Ra4 a5 0-1

[Event "Moscow Open 2009 B"]
[Site "www.moscowchessopen.ru"]
[Date "2009.02.06"]
[Round "7.91"]
[White "Goroshilov, Vladislav"]
[Black "Atababayev, Khalid"]
[Result "0-1"]
[WhiteElo "2147"]
[BlackElo "1961"]
[Annotator ""]
[Source ""]
[Remark ""]

1.d4 Nf6 2.c4 e6 3.Nf3 d5 4.g3 c6 5.Bg2 Bd6 6.O-O Nbd7 7.b3 O-O
8.Bb2 b6 9.Nbd2 Bb7 10.Re1 Rc8 11.e4 dxe4 12.Ng5 Bb4 13.Ngxe4
Nxe4 14.Bxe4 Qg5 15.f4 Qa5 16.Re2 Nf6 17.Bg2 b5 18.a4 bxc4 19.Nxc4
Qc7 20.Rc1 Rfd8 21.Ne5 c5 22.Nd3 Bxg2 23.Rxg2 Qb7 24.Rc4 Nd5
25.Qf3 Qe7 26.Rf2 Nb6 27.Rfc2 cxd4 28.Rxc8 Rxc8 29.Rxc8+ Nxc8
30.f5 Bc3 31.Bc1 Qf6 0-1

[Event "Moscow Open 2009 B"]
[Site "www.moscowchessopen.ru"]
[Date "2009.02.06"]
[Round "7.92"]
[White "Rabinovich, Anton"]
[Black "Rosanov, Lev I"]
[Result "0-1"]
[WhiteElo "1956"]
[BlackElo "2129"]
[Annotator ""]
[Source ""]
[Remark ""]

1.c4 Nf6 2.Nc3 d6 3.d4 e5 4.d5 g6 5.g3 Bg7 6.Bg2 O-O 7.e4 Ne8
8.Nge2 f5 9.f4 Nd7 10.O-O Nc5 11.fxe5 dxe5 12.b4 Nxe4 13.Nxe4
fxe4 14.Nc3 Nd6 15.c5 Nf5 16.Nxe4 Nd4 17.d6 cxd6 18.Bg5 Qc7 19.Nxd6
Be6 20.Qa4 Bd7 21.Bd5+ Kh8 22.Rxf8+ Rxf8 23.Qxa7 Bc6 24.Nf7+
Rxf7 25.Bxf7 Nf3+ 26.Kf2 Qxf7 27.Qb8+ Be8 28.Be3 h6 29.Kg2 Kh7
30.a4 Bc6 31.b5 Ng5+ 32.bxc6 Qf3+ 0-1